000 00509nam a2200145 a 4500
001 000030359
005 20200930062254.0
008 110511s2004 dr a 000 0 spa d
040 _aDO-SdBNP
_bspa
_cBNPHU
082 _axxx
_bH821
245 0 0 _aHortalizas :
_bresultados de investigación /
_cpresentación Ángel Castillo.
260 _aSanto Domingo :
_bInstituto Dominicano de Investigaciones Agropecuarias y Forestales (IDIAF),
_c2004.
300 _a41 p. :
_bil. ;
_c23 cm.
700 1 _aCastillo, Ángel
_97078
999 _c29851
_d29851